[Event "Dutch Open 2023"]
[Site "Dieren, Netherlands"]
[Date "????.??.??"]
[Round "1.1"]
[White "Warmerdam, Max"]
[Black "De Jong, Tom"]
[Result "1-0"]
[WhiteElo "2607"]
[BlackElo "2176"]
[PlyCount "57"]

1. Nf3 d5 2. g3 c5 3. Bg2 Nc6 4. O-O e5 5. d3 Be7 6. e4 d4 7. Nbd2 h5 8. Nc4
Qc7 9. a4 h4 10. Nxh4 Bxh4 11. gxh4 Nge7 12. f4 f6 13. fxe5 fxe5 14. Qf3 Be6
15. Bh3 Bxh3 16. Qxh3 Qd7 17. Qg3 Qe6 18. Bg5 O-O-O 19. Rf3 Rdf8 20. Raf1 Rxf3
21. Rxf3 Kb8 22. Bxe7 Qxe7 23. Rf5 Re8 24. Rg5 Qf6 25. Rg6 Qf8 26. Rxg7 Qh8 27.
Nd6 Rf8 28. Qg5 Nd8 29. Qe7 1-0

[Event "Dutch Open 2023"]
[Site "Dieren, Netherlands"]
[Date "????.??.??"]
[Round "1.2"]
[White "Otten, Martijn"]
[Black "Van den Doel, Erik"]
[Result "0-1"]
[WhiteElo "2166"]
[BlackElo "2576"]
[PlyCount "106"]

1. d4 d5 2. c4 c6 3. Nc3 Nf6 4. e3 e6 5. Nf3 Nbd7 6. Bd3 dxc4 7. Bxc4 b5 8. Bd3
Bd6 9. O-O O-O 10. a3 Bb7 11. Qe2 a5 12. Rd1 Qb8 13. h3 b4 14. Na4 c5 15. dxc5
Bxc5 16. Bb5 Bd6 17. Qd3 Bxf3 18. gxf3 Ne5 19. Qe2 Nxf3+ 20. Qxf3 Qxb5 21. Rxd6
Qxa4 22. e4 bxa3 23. Rxa3 Qxe4 24. Qxe4 Nxe4 25. Rd4 Rfc8 26. Be3 Nf6 27. Rda4
Nd5 28. Bd4 f6 29. Rxa5 Rxa5 30. Rxa5 Rc4 31. Bc5 g5 32. Kh2 Kf7 33. Ra7+ Kg6
34. Bf8 Rc2 35. Kg3 h5 36. b4 h4+ 37. Kf3 Kf5 38. Ra3 e5 39. Kg2 Rb2 40. Rf3+
Ke6 41. Ra3 Nxb4 42. Bxb4 Rxb4 43. Ra6+ Kf5 44. Ra3 e4 45. Ra5+ Kf4 46. Ra6 f5
47. Ra8 Rb2 48. Re8 Re2 49. Kg1 Kf3 50. Rg8 Rxf2 51. Rxg5 f4 52. Rg4 e3 53.
Rxh4 Rg2+ 0-1

[Event "Dutch Open 2023"]
[Site "Dieren, Netherlands"]
[Date "????.??.??"]
[Round "1.3"]
[White "Beerdsen, Thomas"]
[Black "Shakhverdian, William"]
[Result "1-0"]
[WhiteElo "2520"]
[BlackElo "2129"]
[PlyCount "49"]

1. e4 e5 2. Nf3 Nc6 3. Bc4 Bc5 4. b4 Bxb4 5. c3 Be7 6. d4 Na5 7. Bd3 d6 8. dxe5
Nc6 9. Qb3 Qd7 10. Bc4 Bf8 11. exd6 Bxd6 12. e5 Bc5 13. O-O Qf5 14. Ba3 Bb6 15.
Nd4 Qg6 16. e6 Bxe6 17. Nxe6 fxe6 18. Bxe6 Nge7 19. Nd2 Rd8 20. Nf3 Rf8 21. Kh1
Rd3 22. Rad1 Rf6 23. Rxd3 Qxd3 24. Rd1 Qe2 25. Bd7+ 1-0

[Event "Dutch Open 2023"]
[Site "Dieren, Netherlands"]
[Date "????.??.??"]
[Round "1.4"]
[White "Weidemann, Jakob"]
[Black "Schoppen, Casper"]
[Result "0-1"]
[WhiteElo "2114"]
[BlackElo "2498"]
[PlyCount "66"]

1. e4 c6 2. d4 d5 3. e5 c5 4. Nf3 cxd4 5. Nxd4 Nc6 6. c4 e6 7. Nc3 Bc5 8. Nxc6
bxc6 9. a3 Ne7 10. cxd5 exd5 11. Bd3 O-O 12. O-O Bb6 13. Bg5 Qd7 14. Na4 Ng6
15. Re1 Re8 16. Qc2 Bd4 17. e6 fxe6 18. Bxg6 hxg6 19. Rac1 Qf7 20. Be3 Bf6 21.
Qxc6 Bb7 22. Qb5 Rad8 23. Bxa7 d4 24. Bb6 Bh4 25. Rf1 Rd5 26. Rc5 Rf8 27. f3
Bg5 28. Rxd5 Be3+ 29. Kh1 Bxd5 30. Qd3 e5 31. Re1 Qxf3 32. Rg1 Qf2 33. Qb1 Qf5
0-1

[Event "Dutch Open 2023"]
[Site "Dieren, Netherlands"]
[Date "????.??.??"]
[Round "1.5"]
[White "Sankalp Gupta"]
[Black "Binnendijk, Ferdinand"]
[Result "1-0"]
[WhiteElo "2497"]
[BlackElo "2112"]
[PlyCount "59"]

1. d4 d5 2. Bf4 c5 3. e3 Nc6 4. Nf3 e6 5. Nbd2 Nf6 6. c3 Bd6 7. Bg3 O-O 8. Bd3
Qc7 9. dxc5 Bxg3 10. hxg3 e5 11. e4 Rd8 12. exd5 Rxd5 13. Qc2 h6 14. Bc4 Rxc5
15. b4 Rxc4 16. Nxc4 e4 17. Nfd2 b5 18. Ne3 Bb7 19. Nxe4 Nxe4 20. Qxe4 Ne5 21.
Qc2 Nc4 22. Nxc4 Qxc4 23. f3 a5 24. Rh4 Qe6+ 25. Kf2 Qb6+ 26. Kf1 Bd5 27. Qf2
Qc7 28. Qc5 Qxc5 29. bxc5 Rc8 30. a4 1-0

[Event "Dutch Open 2023"]
[Site "Dieren, Netherlands"]
[Date "????.??.??"]
[Round "1.6"]
[White "Evengroen, Jan"]
[Black "Prraneeth Vuppala"]
[Result "0-1"]
[WhiteElo "2112"]
[BlackElo "2486"]
[PlyCount "82"]

1. e4 c5 2. Nf3 d6 3. d4 cxd4 4. Nxd4 Nf6 5. Nc3 a6 6. Be3 e5 7. Nb3 Be7 8. Be2
Be6 9. Nd5 Nbd7 10. Nxe7 Qxe7 11. Bf3 O-O 12. Qd2 Rfd8 13. Qb4 Nb8 14. Bb6 Rd7
15. c4 Nc6 16. Qc3 Rc8 17. Rc1 Nb8 18. Na5 d5 19. exd5 e4 20. O-O exf3 21. Qxf3
Bg4 22. Qf4 Bh5 23. a3 Qd6 24. Qxd6 Rxd6 25. Bd4 b6 26. Be5 Rd7 27. Nb3 Re7 28.
Bd6 Ree8 29. Nd4 Bg6 30. Rfd1 Ne4 31. Bxb8 Rxb8 32. Nc6 Rbc8 33. Re1 Kf8 34. b4
Nf6 35. f3 Rxe1+ 36. Rxe1 Bd3 37. Rc1 b5 38. Ne5 Bxc4 39. d6 Rd8 40. Rd1 Bd5
41. d7 Be6 0-1

[Event "Dutch Open 2023"]
[Site "Dieren, Netherlands"]
[Date "????.??.??"]
[Round "1.7"]
[White "Zwirs, Nico"]
[Black "Kools, Thomas"]
[Result "1-0"]
[WhiteElo "2443"]
[BlackElo "2112"]
[PlyCount "79"]

1. e4 c5 2. Nf3 e6 3. d4 cxd4 4. Nxd4 a6 5. Bd3 Bc5 6. Nb3 Be7 7. O-O d6 8. Qg4
g6 9. Qe2 Qc7 10. a4 Nc6 11. Na3 Ne5 12. a5 Nxd3 13. cxd3 b5 14. axb6 Qxb6 15.
Qc2 Rb8 16. Nd2 Bd7 17. Ndc4 Qc6 18. Qe2 Bf6 19. Bf4 e5 20. Be3 Be6 21. Rac1
Qd7 22. f4 Bg7 23. fxe5 dxe5 24. Bc5 Ne7 25. Nd6+ Kf8 26. Rf2 Kg8 27. Rcf1 f6
28. Nac4 h6 29. b4 Nc6 30. Qd2 Nd8 31. Ra1 Qc6 32. Qe3 Nf7 33. Nxf7 Bxf7 34.
Qg3 Bxc4 35. dxc4 Qxe4 36. Rxa6 Kh7 37. Qc3 Rhd8 38. Ra1 Rd3 39. Qc2 f5 40. Re2
1-0

[Event "Dutch Open 2023"]
[Site "Dieren, Netherlands"]
[Date "????.??.??"]
[Round "1.8"]
[White "Brouwer, Tim"]
[Black "Hausrath, Daniel"]
[Result "0-1"]
[WhiteElo "2107"]
[BlackElo "2442"]
[PlyCount "50"]

1. e4 c6 2. d4 d5 3. e5 Bf5 4. Nc3 Qb6 5. g4 Bd7 6. f4 e6 7. Na4 Qc7 8. Be3 b6
9. c3 c5 10. Rc1 h5 11. gxh5 Nh6 12. dxc5 b5 13. c6 Qxc6 14. Bg2 Nf5 15. Bf2
bxa4 16. c4 Bb4+ 17. Kf1 Qa6 18. Ne2 Nc6 19. cxd5 exd5 20. Bxd5 Rd8 21. Bc4 Qb7
22. Qc2 Ncd4 23. Nxd4 Qxh1+ 24. Ke2 Nxd4+ 25. Bxd4 Bg4+ 0-1

[Event "Dutch Open 2023"]
[Site "Dieren, Netherlands"]
[Date "????.??.??"]
[Round "1.9"]
[White "Beukema, Stefan"]
[Black "Bus, Tom"]
[Result "1-0"]
[WhiteElo "2435"]
[BlackElo "2100"]
[PlyCount "67"]

1. f4 d5 2. Nf3 Nf6 3. g3 g6 4. Bg2 Bg7 5. O-O O-O 6. d3 c5 7. Na3 Nc6 8. c3
Rb8 9. Ne5 Ng4 10. Nxc6 bxc6 11. e4 d4 12. e5 f6 13. h3 Ne3 14. Bxe3 dxe3 15.
exf6 Bxf6 16. Qe2 Ba6 17. Rfd1 e5 18. fxe5 Bxe5 19. Qxe3 Qc7 20. Rd2 Bxg3 21.
Qxc5 Qf4 22. Nc4 Rf5 23. Qxc6 Bf2+ 24. Kh1 Bb7 25. Qe6+ Kg7 26. Qe7+ Kh6 27.
Bxb7 Rf7 28. Qe4 Rbxb7 29. Rf1 Qg3 30. Rfxf2 Rxf2 31. Rxf2 Qxf2 32. Qxb7 Qf1+
33. Kh2 Qf2+ 34. Qg2 1-0

[Event "Dutch Open 2023"]
[Site "Dieren, Netherlands"]
[Date "????.??.??"]
[Round "1.10"]
[White "Op den Dries, Johan"]
[Black "Hendriks, Willy"]
[Result "0-1"]
[WhiteElo "2093"]
[BlackElo "2420"]
[PlyCount "114"]

1. d4 d6 2. e4 Nf6 3. Nc3 g6 4. f4 Bg7 5. e5 Nfd7 6. Nf3 c5 7. dxc5 Nxc5 8. Bc4
O-O 9. O-O Nc6 10. Be3 Bf5 11. Nd4 Nxd4 12. Bxd4 Rc8 13. exd6 Bxc2 14. Qxc2
Bxd4+ 15. Kh1 Bxc3 16. dxe7 Qxe7 17. bxc3 Ne4 18. Qe2 Rfe8 19. Rae1 Qc5 20.
Qxe4 Rxe4 21. Rxe4 Qf5 22. Rfe1 Rc7 23. Bb3 Kg7 24. h3 Qf6 25. c4 h5 26. g3 Rd7
27. Kg2 Qc3 28. R4e3 Rd2+ 29. Kf3 Rd3 30. R1e2 a5 31. h4 Kf6 32. Kf2 Qd4 33.
Kf3 Qd7 34. Rxd3 Qxd3+ 35. Kf2 b6 36. Re5 Qd4+ 37. Kg2 Kg7 38. Kf3 Qc3+ 39. Re3
Qb4 40. a4 Qd2 41. Re5 Qc3+ 42. Re3 Qb2 43. Rd3 Qb1 44. Ke3 Kf6 45. Kd2 Kf5 46.
Re3 Qb2+ 47. Ke1 Kg4 48. c5 bxc5 49. Bxf7 Kf5 50. Re2 Qa1+ 51. Kf2 Qxa4 52. Kg2
Qd4 53. Be8 c4 54. Kh2 c3 55. Rc2 Kf6 56. Ra2 Qc4 57. Rc2 Qb3 0-1

[Event "Dutch Open 2023"]
[Site "Dieren, Netherlands"]
[Date "????.??.??"]
[Round "1.11"]
[White "Sidhant, Mohapatra"]
[Black "Bakija, Alan"]
[Result "1-0"]
[WhiteElo "2419"]
[BlackElo "2089"]
[PlyCount "131"]

1. d4 d5 2. Nf3 Nf6 3. Bf4 c5 4. e3 Nc6 5. c3 Bg4 6. Nbd2 e6 7. Qa4 Nd7 8. Ne5
Ndxe5 9. Bxe5 a6 10. dxc5 f6 11. Qxg4 fxe5 12. Qxe6+ Be7 13. Nb3 Qd7 14. Qxd7+
Kxd7 15. O-O-O Ke6 16. Be2 h5 17. c4 d4 18. Bf3 dxe3 19. Bd5+ Kd7 20. fxe3 Bg5
21. Bxc6+ Kxc6 22. Kd2 Be7 23. Ke2 Bxc5 24. Rd5 Be7 25. Rxe5 Bf6 26. Nd4+ Kc7
27. Re4 Rae8 28. Rxe8 Rxe8 29. Kd3 Re5 30. Rf1 Ra5 31. a3 Kd7 32. Rf2 Ke8 33.
Nb3 Rg5 34. Nd2 Be7 35. Ne4 Rg6 36. g3 h4 37. Rf5 hxg3 38. hxg3 Kd7 39. Rh5 Rb6
40. b4 Rg6 41. Ke2 Rc6 42. Rd5+ Kc8 43. Re5 Kd8 44. Nc5 Bf6 45. Re6 Kc7 46.
Rxc6+ Kxc6 47. Nb3 Bb2 48. a4 Ba3 49. b5+ axb5 50. axb5+ Kd6 51. Kf3 Ke5 52. g4
Bb4 53. Nc1 Be7 54. Nd3+ Ke6 55. Ke4 b6 56. Nf4+ Kd7 57. Kf5 Kd6 58. Nd3 Bf8
59. e4 Kd7 60. e5 Ke7 61. Nf4 Kd7 62. Ne6 g6+ 63. Kf6 Be7+ 64. Kf7 g5 65. Nd4
Bc5 66. Nf5 1-0

[Event "Dutch Open 2023"]
[Site "Dieren, Netherlands"]
[Date "????.??.??"]
[Round "1.12"]
[White "Noordenbos, Daan"]
[Black "De Winter, Arthur"]
[Result "1/2-1/2"]
[WhiteElo "2077"]
[BlackElo "2378"]
[PlyCount "122"]

1. e4 c5 2. Nf3 d6 3. Bc4 Nf6 4. d3 Nc6 5. O-O g6 6. Bg5 Bg7 7. h3 O-O 8. a4 h6
9. Be3 d5 10. exd5 Nxd5 11. Nc3 Nxe3 12. fxe3 e6 13. Ne4 b6 14. c3 f5 15. Nf2
Kh7 16. d4 Qe7 17. Qc2 Bb7 18. Rad1 Rac8 19. Be2 Rfd8 20. Qb1 cxd4 21. exd4 e5
22. dxe5 Nxe5 23. Rfe1 Bxf3 24. Bxf3 Nxf3+ 25. gxf3 Qg5+ 26. Kf1 Qf4 27. Rd3
Qxa4 28. Re7 Kh8 29. Qe1 Rxd3 30. Nxd3 Qc6 31. Qe2 g5 32. Ne5 Qf6 33. Kg2 Kg8
34. Nd3 a5 35. Re6 Qf7 36. Nf2 b5 37. Rb6 b4 38. cxb4 Re8 39. Qd2 axb4 40. Rxb4
Re5 41. Rb8+ Kh7 42. Rc8 Qd5 43. Qxd5 Rxd5 44. Rc2 Rb5 45. Nd3 Rb3 46. Nc1 Rxb2
47. Rxb2 Bxb2 48. Nd3 Bd4 49. h4 gxh4 50. Kh3 Bf6 51. Nf4 h5 52. Nd5 Bg5 53. f4
Bd8 54. Ne3 Kg6 55. Nxf5 Kxf5 56. Kg2 Kxf4 57. Kh1 Kg3 58. Kg1 h3 59. Kh1 Kf2
60. Kh2 Bc7+ 61. Kh1 h2 1/2-1/2

[Event "Dutch Open 2023"]
[Site "Dieren, Netherlands"]
[Date "????.??.??"]
[Round "1.13"]
[White "Van Delft, Merijn"]
[Black "Hu, Yu A"]
[Result "1-0"]
[WhiteElo "2369"]
[BlackElo "2056"]
[PlyCount "53"]

1. e4 c5 2. Nf3 d6 3. d4 cxd4 4. Nxd4 Nf6 5. Nc3 a6 6. Bg5 e6 7. f4 Qb6 8. Nb3
Nbd7 9. Qe2 Qc7 10. O-O-O b5 11. a3 Rb8 12. Kb1 b4 13. axb4 Rxb4 14. Qe1 Rb8
15. Rd4 Qa7 16. Qd2 Be7 17. Na5 Bb7 18. Nc4 d5 19. exd5 exd5 20. Ne5 Nxe5 21.
fxe5 Bc5 22. Ra4 Nd7 23. Bb5 Bc8 24. Qxd5 Qb6 25. Rxa6 Bxa6 26. Bxd7+ Kf8 27.
Na4 1-0

[Event "Dutch Open 2023"]
[Site "Dieren, Netherlands"]
[Date "????.??.??"]
[Round "1.14"]
[White "Koster, Chiel"]
[Black "Maatman, Nick"]
[Result "0-1"]
[WhiteElo "2052"]
[BlackElo "2362"]
[PlyCount "82"]

1. e4 e6 2. Nf3 d5 3. exd5 exd5 4. d4 Nc6 5. c3 Bd6 6. Bd3 Nge7 7. Qc2 Bg4 8.
Nbd2 Qd7 9. O-O f6 10. b4 Bf5 11. Re1 O-O 12. Nf1 Bxd3 13. Qxd3 Qf5 14. Qd1 g5
15. Ne3 Qg6 16. g3 Qh5 17. Kg2 Kh8 18. g4 Qf7 19. Rh1 Rg8 20. Qd3 Raf8 21. b5
Nd8 22. Nf5 Nxf5 23. Qxf5 Qe6 24. Qxe6 Nxe6 25. Re1 Re8 26. a4 Kg7 27. a5 Kf7
28. a6 b6 29. Ng1 h5 30. f3 h4 31. Nh3 Rc8 32. Rb1 c6 33. Bd2 c5 34. Rbc1 cxd4
35. cxd4 Nxd4 36. Nf2 Nxb5 37. Be3 Rge8 38. Nd3 Rxc1 39. Nxc1 Bf4 40. Kf2 Bxh2
41. Ne2 d4 0-1

[Event "Dutch Open 2023"]
[Site "Dieren, Netherlands"]
[Date "????.??.??"]
[Round "1.15"]
[White "Pham, Khoi"]
[Black "Decrop, Hendrik"]
[Result "0-1"]
[WhiteElo "2361"]
[BlackElo "2033"]
[PlyCount "52"]

1. e4 c5 2. Nf3 d6 3. d4 cxd4 4. Nxd4 Nf6 5. Nc3 a6 6. Bd3 e5 7. Nde2 Be7 8.
O-O O-O 9. Ng3 b5 10. a4 b4 11. Nd5 Nxd5 12. exd5 f5 13. a5 e4 14. Be2 Nd7 15.
f3 exf3 16. Bxf3 Bg5 17. Bd2 Rb8 18. Ne2 Bf6 19. Qc1 Ne5 20. Ra4 Nc4 21. b3
Nxd2 22. Qxd2 Bd7 23. Ra2 Be5 24. g3 Rb5 25. Nd4 Rxa5 26. Nc6 Qb6+ 0-1

[Event "Dutch Open 2023"]
[Site "Dieren, Netherlands"]
[Date "????.??.??"]
[Round "1.16"]
[White "Schuricht, Emil Frederick"]
[Black "Baselmans, Luuk"]
[Result "1-0"]
[WhiteElo "2018"]
[BlackElo "2338"]
[PlyCount "101"]

1. d4 Nf6 2. c4 e6 3. Nc3 Bb4 4. Qc2 O-O 5. a3 Bxc3+ 6. Qxc3 b6 7. Bg5 Bb7 8.
f3 h6 9. Bh4 d6 10. e3 Nbd7 11. Bd3 Qe7 12. Ne2 e5 13. O-O e4 14. Bxe4 Bxe4 15.
fxe4 g5 16. e5 dxe5 17. Bg3 Ne4 18. Qd3 exd4 19. exd4 Rae8 20. Rae1 f5 21. Nc3
Qh7 22. Bxc7 Nxc3 23. bxc3 Rxe1 24. Rxe1 Nc5 25. dxc5 Qxc7 26. Qd5+ Kg7 27. c6
Rf7 28. Re6 f4 29. Rd6 Qe7 30. Re6 Qc5+ 31. Qxc5 bxc5 32. Kf2 h5 33. Rd6 Re7
34. Rd7 Kf6 35. Rxe7 Kxe7 36. Kf3 Kd6 37. Ke4 Kxc6 38. Kf5 h4 39. h3 Kb6 40.
Kxg5 Ka5 41. Kxh4 Ka4 42. Kg4 Kxa3 43. h4 a5 44. h5 a4 45. h6 Kb2 46. h7 a3 47.
h8=Q a2 48. Qb8+ Ka1 49. Qb3 f3 50. Qc2 fxg2 51. Qc1# 1-0

[Event "Dutch Open 2023"]
[Site "Dieren, Netherlands"]
[Date "????.??.??"]
[Round "1.17"]
[White "Van Foreest, Machteld"]
[Black "Ritzerveld, Noah"]
[Result "1/2-1/2"]
[WhiteElo "2291"]
[BlackElo "2007"]
[PlyCount "110"]

1. e4 e5 2. Nf3 Nc6 3. Bc4 Nf6 4. d3 Bc5 5. c3 a6 6. Bb3 Ba7 7. O-O d6 8. h3 h6
9. Nbd2 O-O 10. Re1 Re8 11. Nf1 Be6 12. Ng3 d5 13. exd5 Nxd5 14. Qc2 Qf6 15.
Qe2 Qg6 16. Bxd5 Bxd5 17. Be3 Bxf3 18. Qxf3 Qxd3 19. Rad1 Qg6 20. Bxa7 Rxa7 21.
Rd7 b6 22. Nf5 h5 23. Red1 Qe6 24. Qxh5 Qf6 25. Qf3 e4 26. Nh6+ Kh7 27. Qxf6
gxf6 28. Nf5 Kg6 29. g4 Ne5 30. Rd8 Ra8 31. Ne7+ Kg7 32. Rxa8 Rxa8 33. Kg2 Re8
34. Nf5+ Kg6 35. Rd4 Nd3 36. b3 Nf4+ 37. Kh2 Ne2 38. Rd7 Nxc3 39. Rxc7 Nxa2 40.
h4 Rd8 41. Kg3 Rd3+ 42. Kf4 Rf3+ 43. Kxe4 Rxb3 44. Kf4 Rb4+ 45. Kg3 Rb3+ 46.
Kf4 Rb4+ 47. Kg3 Rb3+ 48. f3 Nc3 49. h5+ Kh7 50. Rxf7+ Kg8 51. Ra7 Ne4+ 52. Kh4
Ng5 53. Ra8+ Kh7 54. Ra7+ Kh8 55. Ra8+ Kh7 1/2-1/2

[Event "Dutch Open 2023"]
[Site "Dieren, Netherlands"]
[Date "????.??.??"]
[Round "1.18"]
[White "Boesel, Alexander"]
[Black "De Boer, Eelke"]
[Result "0-1"]
[WhiteElo "2002"]
[BlackElo "2270"]
[PlyCount "76"]

1. e4 c5 2. Nf3 d6 3. Bb5+ Nd7 4. O-O a6 5. Bd3 Ngf6 6. Re1 e6 7. c3 b5 8. a4
c4 9. Bc2 Bb7 10. d4 cxd3 11. Bxd3 bxa4 12. Qxa4 Be7 13. Nbd2 O-O 14. b4 Qc7
15. Bb2 a5 16. Qb3 d5 17. Ba3 axb4 18. cxb4 dxe4 19. Nxe4 Bd5 20. Qc2 Qxc2 21.
Bxc2 Nxe4 22. Bxe4 Bf6 23. Bxd5 exd5 24. Ra2 Ra4 25. Nd2 Bc3 26. Re3 d4 27. Rg3
Re8 28. Kf1 Nb6 29. f4 g6 30. f5 Nd5 31. Nc4 Nxb4 32. Re2 Rxe2 33. Kxe2 Nc2 34.
Bc1 Rxc4 35. fxg6 hxg6 36. h4 Nb4 37. h5 d3+ 38. Kd1 Rh4 0-1

[Event "Dutch Open 2023"]
[Site "Dieren, Netherlands"]
[Date "????.??.??"]
[Round "1.19"]
[White "Slagboom, Leandro"]
[Black "Markus, John Raymond"]
[Result "1-0"]
[WhiteElo "2270"]
[BlackElo "2001"]
[PlyCount "51"]

1. e4 g6 2. d4 Bg7 3. Nf3 d6 4. Be2 Nf6 5. Nc3 a6 6. a4 b6 7. O-O O-O 8. e5
dxe5 9. Nxe5 Bb7 10. Bf3 c6 11. Bf4 Nd5 12. Nxd5 cxd5 13. c3 f6 14. Nd3 Nc6 15.
Re1 e5 16. dxe5 fxe5 17. Nxe5 Rxf4 18. Qxd5+ Kh8 19. Nxc6 Qxd5 20. Bxd5 Raf8
21. f3 b5 22. axb5 axb5 23. Ra7 Bxc6 24. Bxc6 b4 25. Ree7 bxc3 26. bxc3 1-0

[Event "Dutch Open 2023"]
[Site "Dieren, Netherlands"]
[Date "????.??.??"]
[Round "1.21"]
[White "Labruyere, Roger"]
[Black "Brouwer, Mason"]
[Result "1-0"]
[WhiteElo "2191"]
[BlackElo "1990"]
[PlyCount "38"]

1. e4 c6 2. d4 d5 3. exd5 cxd5 4. Nf3 Nc6 5. h3 Bf5 6. Bb5 Qa5+ 7. Nc3 a6 8.
Bxc6+ bxc6 9. Ne5 Qb6 10. O-O e6 11. Re1 Be7 12. Na4 Qb5 13. b3 Nf6 14. c4 dxc4
15. bxc4 Qb7 16. Qb3 Qxb3 17. axb3 Rb8 18. Re3 Be4 19. Ba3 Bxa3 1-0

[Event "Dutch Open 2023"]
[Site "Dieren, Netherlands"]
[Date "????.??.??"]
[Round "1.22"]
[White "Boersma, Jan"]
[Black "Bollen, Guus"]
[Result "0-1"]
[WhiteElo "1988"]
[BlackElo "2183"]
[PlyCount "68"]

1. e4 c6 2. c4 d5 3. exd5 cxd5 4. cxd5 Qxd5 5. Nc3 Qa5 6. d4 Nf6 7. Nf3 g6 8.
Bc4 Bg7 9. O-O O-O 10. Ne5 Nc6 11. Nxc6 bxc6 12. Re1 e6 13. Qf3 Nd5 14. Rd1 Rb8
15. Ne4 Nb6 16. Bf1 Qf5 17. Bf4 Ra8 18. Ng3 Qd5 19. Qe3 Rd8 20. Be2 Bxd4 21.
Qa3 Bb7 22. Bf3 Qc5 23. Bg5 f6 24. Rac1 Qb5 25. Bh6 Kf7 26. Be2 Qxb2 27. Qf3
Rd7 28. Ne4 c5 29. Rb1 Bxe4 30. Qxe4 Qxa2 31. h4 Qd5 32. Qf4 Qf5 33. Qg3 Rad8
34. Bg4 Bxf2+ 0-1

[Event "Dutch Open 2023"]
[Site "Dieren, Netherlands"]
[Date "????.??.??"]
[Round "1.23"]
[White "Vos, Tjark"]
[Black "Kurt, Sascha"]
[Result "0-1"]
[WhiteElo "2178"]
[BlackElo "1986"]
[PlyCount "48"]

1. e4 c5 2. Nf3 e6 3. d4 cxd4 4. Nxd4 Nf6 5. Nc3 d6 6. g4 h6 7. Bg2 Be7 8. h3
Nc6 9. Be3 O-O 10. Qe2 Nxd4 11. Bxd4 e5 12. Be3 Be6 13. O-O Rc8 14. Qd2 a6 15.
Rfd1 Qc7 16. a4 Rfd8 17. a5 Rd7 18. Na4 d5 19. Bb6 Qc6 20. exd5 Bxd5 21. Bxd5
Nxd5 22. Qe1 Nf4 23. Qf1 Rxd1 24. Rxd1 Qxa4 0-1

[Event "Dutch Open 2023"]
[Site "Dieren, Netherlands"]
[Date "????.??.??"]
[Round "2.1"]
[White "Maatman, Nick"]
[Black "Warmerdam, Max"]
[Result "1/2-1/2"]
[WhiteElo "2362"]
[BlackElo "2607"]
[PlyCount "106"]

1. d4 d5 2. Nf3 Nf6 3. c4 e6 4. Nc3 c6 5. Bg5 dxc4 6. e4 b5 7. e5 h6 8. Bh4 g5
9. Nxg5 hxg5 10. Bxg5 Nbd7 11. g3 Rg8 12. h4 Rxg5 13. hxg5 Nd5 14. g6 Qa5 15.
gxf7+ Kd8 16. Bg2 Nxc3 17. bxc3 Qxc3+ 18. Kf1 Kc7 19. g4 Bb7 20. Rh3 Qb4 21. g5
Rd8 22. Qe1 Qb2 23. Rd1 c3 24. Rb1 Qxa2 25. Rxc3 b4 26. Rcc1 Nb6 27. Rxb4 Qa3
28. Rbb1 Rxd4 29. Rc3 Qa6+ 30. Kg1 Rg4 31. Qd1 Rxg2+ 32. Kxg2 c5+ 33. Kg1 Nc8
34. Rd3 Bd5 35. Rxd5 exd5 36. Qxd5 Qc6 37. Qd2 Nb6 38. Rd1 Kb7 39. Qd8 Qf3 40.
Rd3 Qxf7 41. e6 Qf5 42. Re3 Nd5 43. Rb3+ Ka6 44. Kf1 Qe4 45. Ra3+ Kb5 46. Qb8+
Kc4 47. Qb3+ Kd4 48. Qb2+ Kc4 49. f3 Qf5 50. Qb3+ Kd4 51. Qb2+ Kc4 52. Qb3+ Kd4
53. Qb2+ Kc4 1/2-1/2

[Event "Dutch Open 2023"]
[Site "Dieren, Netherlands"]
[Date "????.??.??"]
[Round "2.2"]
[White "Van den Doel, Erik"]
[Black "Sidhant, Mohapatra"]
[Result "1/2-1/2"]
[WhiteElo "2576"]
[BlackElo "2419"]
[PlyCount "35"]

1. d4 Nf6 2. Nf3 d5 3. c3 e6 4. Bf4 c5 5. e3 Bd6 6. Bd3 Qc7 7. Bxd6 Qxd6 8. Ne5
Nc6 9. f4 Ne7 10. g4 Nd7 11. Nd2 f6 12. Nxd7 Bxd7 13. Qf3 Qb6 14. O-O-O c4 15.
Bb1 f5 16. Qh3 Qd6 17. Rhg1 g6 18. Qh6 1/2-1/2

[Event "Dutch Open 2023"]
[Site "Dieren, Netherlands"]
[Date "????.??.??"]
[Round "2.3"]
[White "De Boer, Eelke"]
[Black "Beerdsen, Thomas"]
[Result "0-1"]
[WhiteElo "2270"]
[BlackElo "2520"]
[PlyCount "86"]

1. d4 d5 2. c4 e6 3. Nc3 a6 4. cxd5 exd5 5. Bf4 c6 6. e3 Bd6 7. Bxd6 Qxd6 8.
Bd3 Ne7 9. Qc2 Nd7 10. Nge2 Nf6 11. O-O O-O 12. Ng3 Re8 13. Rad1 Be6 14. Na4
Rad8 15. a3 Bc8 16. b4 Ng6 17. Nc5 Qc7 18. Rfe1 Rd6 19. f3 a5 20. Qc3 axb4 21.
axb4 b6 22. Na4 Rde6 23. Nf1 Nh4 24. b5 Bd7 25. bxc6 Rxc6 26. Qb3 Rc8 27. Re2
Bf5 28. Rb1 Bxd3 29. Qxd3 g6 30. Reb2 Nd7 31. Ng3 Rc1+ 32. Rxc1 Qxc1+ 33. Nf1
Qa1 34. Rc2 Rxc2 35. Qxc2 Nf5 36. Qc8+ Nf8 37. Nxb6 Nxe3 38. Kf2 Qxf1+ 39. Kxe3
Qe1+ 40. Kf4 Kg7 41. g3 Ne6+ 42. Kg4 h5+ 43. Kh4 Qd2 0-1

[Event "Dutch Open 2023"]
[Site "Dieren, Netherlands"]
[Date "????.??.??"]
[Round "2.4"]
[White "Schoppen, Casper"]
[Black "Van Delft, Merijn"]
[Result "1-0"]
[WhiteElo "2498"]
[BlackElo "2369"]
[PlyCount "129"]

1. d4 Nf6 2. c4 g6 3. Nc3 Bg7 4. e4 d6 5. f3 O-O 6. Nge2 c5 7. d5 e6 8. Ng3
exd5 9. cxd5 a6 10. a4 Nbd7 11. Be2 h5 12. O-O Qc7 13. Be3 Rb8 14. Qd2 Re8 15.
Rab1 Ne5 16. h3 c4 17. b4 cxb3 18. Rxb3 Nc4 19. Bxc4 Qxc4 20. Rfb1 Nd7 21. Nge2
Ne5 22. Ba7 Ra8 23. Bd4 f5 24. Rb4 Qd3 25. Qxd3 Nxd3 26. Rb6 Bf8 27. exf5 gxf5
28. Rd1 Ne5 29. Nf4 h4 30. Bf2 Be7 31. Ne6 Rb8 32. Ne2 Nc4 33. Rb4 Bxe6 34.
dxe6 d5 35. Rbb1 b5 36. axb5 axb5 37. Rxd5 b4 38. Rxf5 b3 39. Bd4 Bd6 40. Nf4
Bxf4 41. Rxf4 Rxe6 42. Rxh4 Rb5 43. Rh8+ Kf7 44. Rh7+ Kg6 45. Rg7+ Kh6 46. Rc7
Nd2 47. Rb2 Re2 48. Bc3 Rd5 49. Bxd2+ Rdxd2 50. Rxd2 Rxd2 51. Rb7 b2 52. Kh2
Kg5 53. Kg3 Kf5 54. h4 Kg6 55. Rb5 Kh6 56. f4 Kg6 57. Kf3 Rd3+ 58. Ke4 Rg3 59.
Rxb2 Kh5 60. f5 Kxh4 61. f6 Ra3 62. f7 Ra8 63. Kf5 Kh5 64. Re2 Kh6 65. Re8 1-0

[Event "Dutch Open 2023"]
[Site "Dieren, Netherlands"]
[Date "????.??.??"]
[Round "2.5"]
[White "Bollen, Guus"]
[Black "Sankalp Gupta"]
[Result "0-1"]
[WhiteElo "2183"]
[BlackElo "2497"]
[PlyCount "56"]

1. e4 c5 2. d3 Nc6 3. g3 e6 4. Bg2 d5 5. Nc3 Nge7 6. Nf3 d4 7. Ne2 g6 8. O-O
Bg7 9. a4 e5 10. Nh4 Bf6 11. f4 Bxh4 12. gxh4 f6 13. fxe5 fxe5 14. Bh6 Bg4 15.
Qe1 Qd7 16. Nc1 O-O-O 17. Nb3 b6 18. a5 Nb4 19. axb6 axb6 20. Qf2 Nec6 21. Nd2
Kb7 22. Nc4 Be6 23. b3 Ra8 24. Rxa8 Rxa8 25. Bf8 Ra2 26. Qg3 Nxc2 27. Bh3 Bxh3
28. Rf7 Ra1+ 0-1

[Event "Dutch Open 2023"]
[Site "Dieren, Netherlands"]
[Date "????.??.??"]
[Round "2.6"]
[White "Prraneeth Vuppala"]
[Black "Slagboom, Leandro"]
[Result "1-0"]
[WhiteElo "2486"]
[BlackElo "2270"]
[PlyCount "61"]

1. e4 e5 2. Nf3 Nc6 3. Bc4 Bc5 4. d3 Nf6 5. Bg5 h6 6. Bh4 d6 7. c3 a5 8. Nbd2
Ba7 9. O-O g5 10. Bg3 O-O 11. a3 a4 12. Re1 Nh7 13. Nf1 h5 14. h3 h4 15. Bh2 g4
16. hxg4 Bxg4 17. Ne3 Qc8 18. Kh1 Kh8 19. d4 f6 20. Nf5 Bxf5 21. exf5 Qxf5 22.
Bd3 Qg4 23. Re4 Qg7 24. Rxh4 f5 25. Rh5 Rg8 26. Ng5 Qxg5 27. Rxg5 Rxg5 28. f4
exf4 29. Bxf4 Rg4 30. g3 Ne7 31. Qf3 1-0

[Event "Dutch Open 2023"]
[Site "Dieren, Netherlands"]
[Date "????.??.??"]
[Round "2.7"]
[White "Decrop, Hendrik"]
[Black "Zwirs, Nico"]
[Result "1-0"]
[WhiteElo "2033"]
[BlackElo "2443"]
[PlyCount "73"]

1. e4 c5 2. Nc3 Nc6 3. Nge2 d6 4. d4 cxd4 5. Nxd4 Nf6 6. Bc4 e6 7. Be3 Bd7 8.
Qe2 a6 9. Bb3 b5 10. O-O-O Na5 11. Bg5 Be7 12. Kb1 O-O 13. e5 dxe5 14. Qxe5
Nxb3 15. Nc6 Bxc6 16. Rxd8 Rfxd8 17. axb3 Rac8 18. f3 b4 19. Na4 Rd5 20. Qe3
Ng4 21. Qa7 Rxg5 22. Qxe7 Nf6 23. Rd1 Bd5 24. Nb6 Re8 25. Qxb4 Rxg2 26. Nxd5
exd5 27. Rd2 a5 28. Qxa5 Rg1+ 29. Ka2 h5 30. b4 Rf1 31. b5 Kh7 32. b6 Rxf3 33.
b7 Rf4 34. c3 Rfe4 35. Qc7 Ra4+ 36. Kb3 Rc4 37. b8=Q 1-0